[Event "Open"]
[Site "Saint Louis, US"]
[Date "2025.10.17"]
[Round "5"]
[White "Niemann, Hans Moke"]
[Black "Mishra, Abhimanyu"]
[Result "1-0"]
[Board "1"]
[WhiteFideId "2093596"]
[BlackFideId "30920019"]
[WhiteTitle "GM"]
[BlackTitle "GM"]
[WhiteElo "2738"]
[BlackElo "2652"]
[WhiteTeam "USA"]
[BlackTeam "USA"]
[WhiteClock "0:12:33"]
[BlackClock "0:02:58"]
[Variant "Standard"]

1. e4 {[%clk 1:30:54]}  e5 {[%clk 1:30:59]} 2. Nf3 {[%clk 1:31:11]}  Nc6 {[%clk 1:31:23]} 3. Bc4 {[%clk 1:31:18]}  Bc5 {[%clk 1:31:26]} 4. O-O {[%clk 1:30:54]}  Nf6 {[%clk 1:31:36]} 5. d3 {[%clk 1:31:15]}  d6 {[%clk 1:31:55]} 6. c3 {[%clk 1:31:36]}  O-O {[%clk 1:32:12]} 7. Nbd2 {[%clk 1:31:49]}  Bb6 {[%clk 1:31:28]} 8. Bb3 {[%clk 1:32:01]}  Ne7 {[%clk 1:29:11]} 9. Nc4 {[%clk 1:32:19]}  Ng6 {[%clk 1:28:54]} 10. Re1 {[%clk 1:32:38]}  Re8 {[%clk 1:24:25]} 11. Bc2 {[%clk 1:32:03]}  c6 {[%clk 1:23:21]} 12. Nxb6 {[%clk 1:32:07]}  axb6 {[%clk 1:23:48]} 13. d4 {[%clk 1:32:05]}  b5 {[%clk 1:24:05]} 14. h3 {[%clk 1:29:54]}  h6 {[%clk 1:24:12]} 15. a3 {[%clk 1:24:02]}  Bd7 {[%clk 1:20:53]} 16. Be3 {[%clk 1:23:25]}  Qc7 {[%clk 1:20:16]} 17. Nd2 {[%clk 1:22:55]}  d5 {[%clk 1:01:53]} 18. dxe5 {[%clk 1:11:11]}  Qxe5 {[%clk 1:00:26]} 19. Bd4 {[%clk 1:11:01]}  Qf4 {[%clk 0:56:13]} 20. g3 {[%clk 1:05:32]}  Qd6 {[%clk 0:54:57]} 21. Bxf6 {[%clk 0:47:23]}  Qxf6 {[%clk 0:54:51]} 22. f4 {[%clk 0:47:42]}  Nxf4 {[%clk 0:44:44]} 23. gxf4 {[%clk 0:48:00]}  Qxf4 {[%clk 0:45:04]} 24. Qe2 {[%clk 0:47:58]}  dxe4 {[%clk 0:27:31]} 25. Nxe4 {[%clk 0:46:33]}  Bxh3 {[%clk 0:25:19]} 26. Qf2 {[%clk 0:44:26]}  Qxf2+ {[%clk 0:19:44]} 27. Kxf2 {[%clk 0:44:19]}  Rad8 {[%clk 0:17:04]} 28. Nd6 {[%clk 0:31:09]}  Rxe1 {[%clk 0:14:54]} 29. Rxe1 {[%clk 0:31:32]}  b6 {[%clk 0:14:05]} 30. Bf5 {[%clk 0:21:10]}  Kf8 {[%clk 0:11:06]} 31. Bxh3 {[%clk 0:18:08]}  Rxd6 {[%clk 0:11:34]} 32. Re4 {[%clk 0:15:27]}  g6 {[%clk 0:09:00]} 33. Rb4 {[%clk 0:15:51]}  Ke7 {[%clk 0:06:16]} 34. Bf1 {[%clk 0:14:42]}  f5 {[%clk 0:04:37]} 35. c4 {[%clk 0:14:54]}  Rd4 {[%clk 0:02:58]} 36. Rb3 {[%clk 0:15:19]}  Rf4+ {[%clk 0:01:56]} 37. Ke1 {[%clk 0:15:20]}  Re4+ {[%clk 0:01:47]} 38. Be2 {[%clk 0:15:25]}  bxc4 {[%clk 0:01:35]} 39. Rxb6 {[%clk 0:15:51]}  Kd6 {[%clk 0:01:40]} 40. Kd2 {[%clk 0:15:13]}  g5 {[%clk 0:01:25]} 41. Rb8 {[%clk 0:12:30]}  g4 {[%clk 0:20:47]} 42. Rh8 {[%clk 0:41:31]}  Re6 {[%clk 0:19:39]} 43. Bxc4 {[%clk 0:41:39]}  Rg6 {[%clk 0:20:04]} 44. Ke3 {[%clk 0:40:25]}  f4+ {[%clk 0:16:22]} 45. Kf2 {[%clk 0:40:51]}  g3+ {[%clk 0:07:23]} 46. Kg1 {[%clk 0:41:15]}  Ke5 {[%clk 0:07:09]} 47. Re8+ {[%clk 0:41:19]}  Kd4 {[%clk 0:07:34]} 48. Be2 {[%clk 0:41:45]}  c5 {[%clk 0:07:35]} 49. a4 {[%clk 0:35:59]}  c4 {[%clk 0:06:08]} 50. Rd8+ {[%clk 0:35:34]}  Ke3 {[%clk 0:05:58]} 51. Bxc4 {[%clk 0:35:51]}  f3 {[%clk 0:05:26]} 52. Rd3+ {[%clk 0:13:54]}  Ke4 {[%clk 0:05:44]} 53. a5 {[%clk 0:14:09]}  g2 {[%clk 0:02:03]} 54. Rd1 {[%clk 0:14:25]}  Ke3 {[%clk 0:02:35]} 55. Re1+ {[%clk 0:14:28]}  Kf4 {[%clk 0:02:57]} 56. Bd5 {[%clk 0:13:44]}  Rg5 {[%clk 0:01:19]} 57. Bxf3 {[%clk 0:11:50]}  Kxf3 {[%clk 0:01:40]} 58. Ra1 {[%clk 0:12:10]}  Ke4 {[%clk 0:01:31]} 59. b4 {[%clk 0:07:39]}  Kd5 {[%clk 0:01:29]} 60. b5 {[%clk 0:07:51]}  Kc5 {[%clk 0:00:38]} 61. b6 {[%clk 0:08:06]}  Kc6 {[%clk 0:00:47]} 62. Rc1+ {[%clk 0:06:10]}  Kb7 {[%clk 0:01:10]} 63. Rc7+ {[%clk 0:06:38]}  Ka8 {[%clk 0:00:34]} 64. a6 {[%clk 0:06:56]}  Rg8 {[%clk 0:00:58]} 65. Rh7 {[%clk 0:06:48]}  h5 {[%clk 0:00:35]} 66. Rxh5 {[%clk 0:06:19]}  Rb8 {[%clk 0:00:48]} 67. Rh6 {[%clk 0:07:29]}  Rg8 {[%clk 0:01:08]} 68. Rh7 {[%clk 0:07:41]}  Kb8 {[%clk 0:01:22]} 69. Rh2 {[%clk 0:07:55]}  Ka8 {[%clk 0:00:43]} 70. Rxg2 {[%clk 0:08:19]}  Rb8 {[%clk 0:00:52]} 71. Rg6 {[%clk 0:08:44]}  Rd8 {[%clk 0:01:08]} 72. Kf2 {[%clk 0:09:00]}  Re8 {[%clk 0:00:58]} 73. Kf3 {[%clk 0:09:21]}  Kb8 {[%clk 0:00:57]} 74. Kf4 {[%clk 0:09:43]}  Ka8 {[%clk 0:01:00]} 75. Kf5 {[%clk 0:10:08]}  Rb8 {[%clk 0:01:20]} 76. Ke5 {[%clk 0:10:29]}  Rf8 {[%clk 0:01:39]} 77. Kd5 {[%clk 0:10:40]}  Kb8 {[%clk 0:01:52]} 78. Kc6 {[%clk 0:11:01]}  Ka8 {[%clk 0:02:17]} 79. Rg5 {[%clk 0:11:23]}  Rh8 {[%clk 0:02:06]} 80. Kb5 {[%clk 0:11:48]}  Rd8 {[%clk 0:01:45]} 81. Rc5 {[%clk 0:11:49]}  Rh8 {[%clk 0:01:58]} 82. Rc8+ {[%clk 0:11:11]}  Rxc8 {[%clk 0:02:24]} 83. b7+ {[%clk 0:11:39]}  Kb8 {[%clk 0:02:40]} 84. Kb6 {[%clk 0:12:06]}  Rc7 {[%clk 0:02:58]} 85. a7# {[%clk 0:12:33]} 1-0

[Event "Open"]
[Site "Saint Louis, US"]
[Date "2025.10.17"]
[Round "5"]
[White "Sevian, Samuel"]
[Black "Woodward, Andy"]
[Result "0-1"]
[Board "2"]
[WhiteFideId "2040506"]
[BlackFideId "30953499"]
[WhiteTitle "GM"]
[BlackTitle "GM"]
[WhiteElo "2698"]
[BlackElo "2590"]
[WhiteTeam "USA"]
[BlackTeam "USA"]
[WhiteClock "0:01:00"]
[BlackClock "0:14:25"]
[Variant "Standard"]

1. c4 {[%clk 1:30:41]}  e5 {[%clk 1:30:36]} 2. g3 {[%clk 1:30:59]}  Nf6 {[%clk 1:30:49]} 3. Bg2 {[%clk 1:31:15]}  d5 {[%clk 1:31:01]} 4. cxd5 {[%clk 1:31:36]}  Nxd5 {[%clk 1:31:21]} 5. Nf3 {[%clk 1:31:48]}  Nc6 {[%clk 1:31:36]} 6. O-O {[%clk 1:32:04]}  Nb6 {[%clk 1:31:24]} 7. b3 {[%clk 1:31:55]}  Be7 {[%clk 1:30:07]} 8. Bb2 {[%clk 1:26:18]}  f6 {[%clk 1:30:21]} 9. Na3 {[%clk 1:26:31]}  Be6 {[%clk 1:26:42]} 10. Nc2 {[%clk 1:26:10]}  Qd7 {[%clk 1:22:12]} 11. e4 {[%clk 1:24:15]}  Bc5 {[%clk 1:02:43]} 12. d4 {[%clk 1:01:52]}  exd4 {[%clk 1:02:51]} 13. Ncxd4 {[%clk 0:59:40]}  Nxd4 {[%clk 1:02:51]} 14. Nxd4 {[%clk 0:59:36]}  Bg4 {[%clk 1:01:51]} 15. Nf3 {[%clk 0:59:05]}  O-O {[%clk 0:49:41]} 16. Qc2 {[%clk 0:53:48]}  Bd6 {[%clk 0:49:23]} 17. a4 {[%clk 0:43:57]}  a5 {[%clk 0:46:37]} 18. Rfe1 {[%clk 0:38:57]}  Bb4 {[%clk 0:41:36]} 19. Red1 {[%clk 0:38:05]}  Qe7 {[%clk 0:41:22]} 20. h3 {[%clk 0:35:17]}  Bh5 {[%clk 0:40:58]} 21. g4 {[%clk 0:25:53]}  Bf7 {[%clk 0:37:24]} 22. Nd4 {[%clk 0:25:50]}  Rad8 {[%clk 0:35:34]} 23. Qe2 {[%clk 0:15:32]}  Qe8 {[%clk 0:29:44]} 24. Qe3 {[%clk 0:15:18]}  Qe5 {[%clk 0:17:12]} 25. f4 {[%clk 0:15:04]}  Nd5 {[%clk 0:15:26]} 26. Qf2 {[%clk 0:04:36]}  Nxf4 {[%clk 0:15:54]} 27. Nc6 {[%clk 0:02:42]}  Rxd1+ {[%clk 0:16:10]} 28. Rxd1 {[%clk 0:03:11]}  Qxe4 {[%clk 0:16:00]} 29. Nxb4 {[%clk 0:01:33]}  Nxg2 {[%clk 0:16:20]} 30. Rd4 {[%clk 0:01:20]}  Qb1+ {[%clk 0:16:10]} 31. Kxg2 {[%clk 0:01:31]}  axb4 {[%clk 0:16:30]} 32. Qd2 {[%clk 0:00:46]}  c6 {[%clk 0:15:49]} 33. Rd7 {[%clk 0:00:32]}  Re8 {[%clk 0:13:32]} 34. g5 {[%clk 0:00:34]}  Bd5+ {[%clk 0:13:49]} 35. Rxd5 {[%clk 0:00:33]}  Qe4+ {[%clk 0:14:13]} 36. Kf2 {[%clk 0:01:00]}  Qxd5 {[%clk 0:14:25]} 0-1

[Event "Open"]
[Site "Saint Louis, US"]
[Date "2025.10.17"]
[Round "5"]
[White "Robson, Ray"]
[Black "Shankland, Sam"]
[Result "1/2-1/2"]
[Board "3"]
[WhiteFideId "2023970"]
[BlackFideId "2004887"]
[WhiteTitle "GM"]
[BlackTitle "GM"]
[WhiteElo "2664"]
[BlackElo "2654"]
[WhiteTeam "USA"]
[BlackTeam "USA"]
[WhiteClock "0:11:00"]
[BlackClock "0:45:37"]
[Variant "Standard"]

1. e4 {[%clk 1:30:56]}  d6 {[%clk 1:30:34]} 2. d4 {[%clk 1:31:06]}  Nf6 {[%clk 1:31:01]} 3. Nc3 {[%clk 1:31:17]}  e5 {[%clk 1:31:27]} 4. Nf3 {[%clk 1:30:44]}  Nbd7 {[%clk 1:31:53]} 5. h3 {[%clk 1:29:25]}  c6 {[%clk 1:31:56]} 6. g4 {[%clk 1:23:32]}  h6 {[%clk 1:32:14]} 7. a4 {[%clk 1:21:01]}  Be7 {[%clk 1:32:16]} 8. Be3 {[%clk 1:17:08]}  O-O {[%clk 1:27:19]} 9. Bg2 {[%clk 0:38:16]}  Re8 {[%clk 1:21:59]} 10. O-O {[%clk 0:37:06]}  Nh7 {[%clk 1:11:49]} 11. Nd2 {[%clk 0:34:32]}  Ndf8 {[%clk 1:07:59]} 12. f4 {[%clk 0:33:34]}  Ne6 {[%clk 1:04:10]} 13. Ne2 {[%clk 0:27:12]}  b6 {[%clk 0:55:47]} 14. dxe5 {[%clk 0:26:06]}  dxe5 {[%clk 0:56:13]} 15. f5 {[%clk 0:26:18]}  Nd4 {[%clk 0:55:30]} 16. c3 {[%clk 0:24:12]}  Bg5 {[%clk 0:54:42]} 17. Bxg5 {[%clk 0:24:10]}  Nxe2+ {[%clk 0:53:58]} 18. Qxe2 {[%clk 0:24:38]}  Qxg5 {[%clk 0:52:34]} 19. a5 {[%clk 0:23:44]}  Ba6 {[%clk 0:49:03]} 20. Qxa6 {[%clk 0:22:53]}  Qxd2 {[%clk 0:49:29]} 21. axb6 {[%clk 0:22:59]}  Qe3+ {[%clk 0:46:52]} 22. Kh2 {[%clk 0:23:13]}  Qxb6 {[%clk 0:46:53]} 23. Qxb6 {[%clk 0:21:28]}  axb6 {[%clk 0:47:19]} 24. Rxa8 {[%clk 0:19:56]}  Rxa8 {[%clk 0:47:45]} 25. Rd1 {[%clk 0:20:10]}  Nf6 {[%clk 0:46:34]} 26. Kg3 {[%clk 0:16:48]}  Kf8 {[%clk 0:45:57]} 27. h4 {[%clk 0:17:01]}  Ke7 {[%clk 0:44:42]} 28. Bf3 {[%clk 0:17:01]}  g5 {[%clk 0:43:40]} 29. fxg6 {[%clk 0:16:02]}  fxg6 {[%clk 0:44:09]} 30. Kf2 {[%clk 0:14:44]}  Ra2 {[%clk 0:42:07]} 31. Rb1 {[%clk 0:12:53]}  Ne8 {[%clk 0:40:21]} 32. Ke3 {[%clk 0:12:39]}  Nc7 {[%clk 0:38:18]} 33. Bd1 {[%clk 0:10:45]}  Ra8 {[%clk 0:38:23]} 34. Bb3 {[%clk 0:09:02]}  Rf8 {[%clk 0:38:24]} 35. g5 {[%clk 0:08:48]}  hxg5 {[%clk 0:27:34]} 36. hxg5 {[%clk 0:09:15]}  Rf4 {[%clk 0:28:00]} 37. Rh1 {[%clk 0:08:27]}  Rg4 {[%clk 0:28:23]} 38. Rh7+ {[%clk 0:05:21]}  Kd6 {[%clk 0:28:48]} 39. Rf7 {[%clk 0:02:34]}  Rxg5 {[%clk 0:28:20]} 40. Rf6+ {[%clk 0:02:34]}  Kd7 {[%clk 0:23:32]} 41. Bf7 {[%clk 0:00:56]}  Nb5 {[%clk 0:21:41]} 42. Rxg6 {[%clk 0:22:03]}  Rxg6 {[%clk 0:52:00]} 43. Bxg6 {[%clk 0:22:31]}  Nd6 {[%clk 0:52:21]} 44. b4 {[%clk 0:21:39]}  Ke7 {[%clk 0:52:39]} 45. Bh5 {[%clk 0:21:16]}  Kf6 {[%clk 0:52:52]} 46. Bg4 {[%clk 0:21:03]}  Kg5 {[%clk 0:53:17]} 47. Bd7 {[%clk 0:16:12]}  c5 {[%clk 0:53:43]} 48. bxc5 {[%clk 0:16:31]}  bxc5 {[%clk 0:54:11]} 49. Bc6 {[%clk 0:14:50]}  Kg4 {[%clk 0:54:16]} 50. Bd5 {[%clk 0:14:38]}  Kg3 {[%clk 0:54:27]} 51. Bc6 {[%clk 0:14:34]}  Kg2 {[%clk 0:53:55]} 52. Ke2 {[%clk 0:14:46]}  Kg3 {[%clk 0:50:01]} 53. Ke3 {[%clk 0:15:09]}  Nc4+ {[%clk 0:47:46]} 54. Kd3 {[%clk 0:14:09]}  Na5 {[%clk 0:46:58]} 55. Bd5 {[%clk 0:13:19]}  Kf3 {[%clk 0:47:10]} 56. Be6 {[%clk 0:11:52]}  Kf2 {[%clk 0:46:24]} 57. Bd5 {[%clk 0:11:23]}  Ke1 {[%clk 0:45:18]} 58. Be6 {[%clk 0:11:18]}  Kd1 {[%clk 0:44:51]} 59. Bd5 {[%clk 0:11:09]}  Kc1 {[%clk 0:45:13]} 60. Be6 {[%clk 0:11:00]}  Kd1 {[%clk 0:45:37]} 1/2-1/2

[Event "Open"]
[Site "Saint Louis, US"]
[Date "2025.10.17"]
[Round "5"]
[White "Liang, Awonder"]
[Black "Oparin, Grigoriy"]
[Result "1/2-1/2"]
[Board "4"]
[WhiteFideId "2056437"]
[BlackFideId "24125890"]
[WhiteTitle "GM"]
[BlackTitle "GM"]
[WhiteElo "2710"]
[BlackElo "2661"]
[WhiteTeam "USA"]
[BlackTeam "USA"]
[WhiteClock "0:12:43"]
[BlackClock "0:08:40"]
[Variant "Standard"]

1. e4 {[%clk 1:30:59]}  c5 {[%clk 1:30:56]} 2. Nf3 {[%clk 1:31:23]}  Nc6 {[%clk 1:31:22]} 3. Bb5 {[%clk 1:31:48]}  d6 {[%clk 1:31:47]} 4. O-O {[%clk 1:32:10]}  Bd7 {[%clk 1:32:11]} 5. Re1 {[%clk 1:32:30]}  Nf6 {[%clk 1:32:24]} 6. c3 {[%clk 1:32:50]}  a6 {[%clk 1:32:25]} 7. Bf1 {[%clk 1:33:14]}  e5 {[%clk 1:32:39]} 8. h3 {[%clk 1:24:03]}  g5 {[%clk 1:32:45]} 9. d4 {[%clk 1:23:49]}  g4 {[%clk 1:32:53]} 10. hxg4 {[%clk 1:24:11]}  Bxg4 {[%clk 1:33:16]} 11. dxc5 {[%clk 1:23:23]}  Rg8 {[%clk 1:31:05]} 12. Na3 {[%clk 1:02:34]}  dxc5 {[%clk 1:07:52]} 13. Qxd8+ {[%clk 1:01:30]}  Rxd8 {[%clk 1:08:17]} 14. Nh4 {[%clk 1:00:32]}  Be6 {[%clk 1:01:24]} 15. g3 {[%clk 0:59:57]}  b5 {[%clk 0:51:05]} 16. Nc2 {[%clk 0:58:59]}  c4 {[%clk 0:50:14]} 17. b4 {[%clk 0:58:13]}  Be7 {[%clk 0:39:51]} 18. a4 {[%clk 0:51:37]}  Ng4 {[%clk 0:33:05]} 19. Nf5 {[%clk 0:47:50]}  Bg5 {[%clk 0:33:30]} 20. axb5 {[%clk 0:44:48]}  axb5 {[%clk 0:33:56]} 21. Ra6 {[%clk 0:42:43]}  Bxc1 {[%clk 0:20:37]} 22. Rxc1 {[%clk 0:43:05]}  Bxf5 {[%clk 0:20:53]} 23. exf5 {[%clk 0:43:20]}  Ne7 {[%clk 0:21:21]} 24. f6 {[%clk 0:29:10]}  Nd5 {[%clk 0:21:47]} 25. Na3 {[%clk 0:29:35]}  e4 {[%clk 0:20:56]} 26. Nxb5 {[%clk 0:22:04]}  e3 {[%clk 0:21:21]} 27. fxe3 {[%clk 0:21:18]}  Ngxf6 {[%clk 0:20:26]} 28. Nc7+ {[%clk 0:20:44]}  Nxc7 {[%clk 0:10:14]} 29. Rxf6 {[%clk 0:21:12]}  Rxg3+ {[%clk 0:10:31]} 30. Kf2 {[%clk 0:20:38]}  Rxe3 {[%clk 0:10:56]} 31. Bxc4 {[%clk 0:19:16]}  Re7 {[%clk 0:11:06]} 32. Rc2 {[%clk 0:17:10]}  Nd5 {[%clk 0:07:36]} 33. Bb5+ {[%clk 0:12:45]}  Kf8 {[%clk 0:08:01]} 34. Rd2 {[%clk 0:13:08]}  Re5 {[%clk 0:06:51]} 35. Bc6 {[%clk 0:11:19]}  Ke7 {[%clk 0:05:49]} 36. Rf3 {[%clk 0:11:48]}  Rd6 {[%clk 0:05:27]} 37. b5 {[%clk 0:12:11]}  Nb6 {[%clk 0:02:37]} 38. Ra2 {[%clk 0:12:22]}  Rde6 {[%clk 0:01:32]} 39. Rf4 {[%clk 0:05:03]}  Kd6 {[%clk 0:00:57]} 40. Rxf7 {[%clk 0:04:53]}  Re7 {[%clk 0:00:47]} 41. Rf4 {[%clk 0:03:25]}  Kc5 {[%clk 0:29:29]} 42. Bf3 {[%clk 0:33:25]}  Re3 {[%clk 0:27:32]} 43. Rc2 {[%clk 0:30:30]}  R3e5 {[%clk 0:25:13]} 44. c4 {[%clk 0:28:37]}  R7e6 {[%clk 0:22:48]} 45. Rc1 {[%clk 0:29:01]}  Re7 {[%clk 0:21:24]} 46. Rh1 {[%clk 0:29:22]}  Rc7 {[%clk 0:20:56]} 47. Be2 {[%clk 0:29:01]}  Rd7 {[%clk 0:17:35]} 48. Rh3 {[%clk 0:28:47]}  h5 {[%clk 0:12:20]} 49. Rhf3 {[%clk 0:24:24]}  Rc7 {[%clk 0:09:27]} 50. Bf1 {[%clk 0:22:10]}  Kb4 {[%clk 0:06:28]} 51. Rf6 {[%clk 0:16:15]}  Na4 {[%clk 0:06:53]} 52. R3f4 {[%clk 0:13:28]}  Nc5 {[%clk 0:05:54]} 53. Kg1 {[%clk 0:13:03]}  Rce7 {[%clk 0:05:01]} 54. Kh2 {[%clk 0:13:21]}  Re4 {[%clk 0:04:03]} 55. Rxe4 {[%clk 0:08:20]}  Nxe4 {[%clk 0:04:29]} 56. Rf4 {[%clk 0:07:42]}  Nd2 {[%clk 0:03:54]} 57. Bg2 {[%clk 0:08:07]}  Nxc4 {[%clk 0:02:58]} 58. Bf1 {[%clk 0:07:43]}  Kxb5 {[%clk 0:03:24]} 59. Rxc4 {[%clk 0:08:03]}  Kb6 {[%clk 0:03:50]} 60. Kh3 {[%clk 0:08:26]}  Rc7 {[%clk 0:04:10]} 61. Ra4 {[%clk 0:08:37]}  Kc5 {[%clk 0:04:25]} 62. Kh4 {[%clk 0:08:59]}  Kd5 {[%clk 0:04:46]} 63. Bg2+ {[%clk 0:09:04]}  Ke5 {[%clk 0:05:09]} 64. Bf3 {[%clk 0:09:25]}  Rc3 {[%clk 0:05:30]} 65. Bxh5 {[%clk 0:09:35]}  Re3 {[%clk 0:05:47]} 66. Kg5 {[%clk 0:10:00]}  Re4 {[%clk 0:06:04]} 67. Ra5+ {[%clk 0:10:26]}  Kd4 {[%clk 0:06:29]} 68. Kf5 {[%clk 0:10:52]}  Re1 {[%clk 0:06:40]} 69. Bf3 {[%clk 0:11:16]}  Re8 {[%clk 0:06:59]} 70. Ra4+ {[%clk 0:10:47]}  Kc5 {[%clk 0:07:03]} 71. Be4 {[%clk 0:10:46]}  Rf8 {[%clk 0:07:12]} 72. Ke5 {[%clk 0:11:12]}  Re8 {[%clk 0:07:38]} 73. Kf4 {[%clk 0:11:39]}  Rb8 {[%clk 0:07:06]} 74. Ra6 {[%clk 0:11:39]}  Kd4 {[%clk 0:06:52]} 75. Rd6+ {[%clk 0:12:03]}  Kc5 {[%clk 0:07:17]} 76. Rd7 {[%clk 0:12:30]}  Rh8 {[%clk 0:07:01]} 77. Rd5+ {[%clk 0:11:28]}  Kc4 {[%clk 0:07:26]} 78. Rd1 {[%clk 0:11:45]}  Kc5 {[%clk 0:07:29]} 79. Ke3 {[%clk 0:11:33]}  Rb8 {[%clk 0:06:31]} 80. Rd5+ {[%clk 0:07:45]}  Kc4 {[%clk 0:06:56]} 81. Rd6 {[%clk 0:08:10]}  Rb3+ {[%clk 0:07:09]} 82. Kf4 {[%clk 0:08:35]}  Rh3 {[%clk 0:06:15]} 83. Ke5 {[%clk 0:08:58]}  Rh5+ {[%clk 0:06:27]} 84. Bf5 {[%clk 0:09:27]}  Kc5 {[%clk 0:06:39]} 85. Rd8 {[%clk 0:09:46]}  Kc4 {[%clk 0:06:38]} 86. Rc8+ {[%clk 0:10:09]}  Kb5 {[%clk 0:07:03]} 87. Ke4 {[%clk 0:09:40]}  Kb4 {[%clk 0:06:47]} 88. Be6 {[%clk 0:10:03]}  Rh4 {[%clk 0:06:59]} 89. Kd3 {[%clk 0:10:29]}  Kb5 {[%clk 0:06:51]} 90. Bd5 {[%clk 0:10:52]}  Kb4 {[%clk 0:06:47]} 91. Be4 {[%clk 0:11:15]}  Rh3+ {[%clk 0:07:12]} 92. Kd4 {[%clk 0:11:42]}  Rh4 {[%clk 0:07:39]} 93. Rb8+ {[%clk 0:11:53]}  Ka4 {[%clk 0:08:05]} 94. Rb7 {[%clk 0:12:19]}  Rg4 {[%clk 0:08:29]} 95. Kd5 {[%clk 0:12:17]}  Ka3 {[%clk 0:08:50]} 96. Bd3 {[%clk 0:12:41]}  Rb4 {[%clk 0:09:13]} 97. Rh7 {[%clk 0:12:38]}  Rg4 {[%clk 0:07:45]} 98. Kc5 {[%clk 0:13:03]}  Kb2 {[%clk 0:07:42]} 99. Rh3 {[%clk 0:11:50]}  Rg8 {[%clk 0:06:41]} 100. Be4 {[%clk 0:11:39]}  Rc8+ {[%clk 0:06:58]} 101. Kd4 {[%clk 0:11:57]}  Rd8+ {[%clk 0:07:25]} 102. Bd5 {[%clk 0:12:23]}  Kc2 {[%clk 0:07:50]} 103. Rh2+ {[%clk 0:12:17]}  Kd1 {[%clk 0:08:16]} 104. Ra2 {[%clk 0:12:43]}  Rd7 {[%clk 0:08:40]} 1/2-1/2

[Event "Open"]
[Site "Saint Louis, US"]
[Date "2025.10.17"]
[Round "5"]
[White "Swiercz, Dariusz"]
[Black "Caruana, Fabiano"]
[Result "0-1"]
[Board "5"]
[WhiteFideId "1126881"]
[BlackFideId "2020009"]
[WhiteTitle "GM"]
[BlackTitle "GM"]
[WhiteElo "2577"]
[BlackElo "2789"]
[WhiteTeam "USA"]
[BlackTeam "USA"]
[WhiteClock "0:01:25"]
[BlackClock "0:22:53"]
[Variant "Standard"]

1. e4 {[%clk 1:30:57]}  c6 {[%clk 1:30:56]} 2. d4 {[%clk 1:31:19]}  d5 {[%clk 1:31:23]} 3. e5 {[%clk 1:31:45]}  Bf5 {[%clk 1:31:48]} 4. Nf3 {[%clk 1:28:47]}  e6 {[%clk 1:31:02]} 5. Be2 {[%clk 1:29:13]}  Ne7 {[%clk 1:31:12]} 6. c3 {[%clk 1:28:50]}  h6 {[%clk 1:30:42]} 7. O-O {[%clk 1:29:00]}  Nd7 {[%clk 1:31:03]} 8. Nbd2 {[%clk 1:23:06]}  Qc7 {[%clk 1:25:14]} 9. Re1 {[%clk 1:07:23]}  a6 {[%clk 1:16:08]} 10. Nf1 {[%clk 1:16:43]}  c5 {[%clk 1:13:37]} 11. Ng3 {[%clk 1:16:16]}  Bh7 {[%clk 1:12:37]} 12. Bd3 {[%clk 1:12:06]}  Bxd3 {[%clk 1:05:56]} 13. Qxd3 {[%clk 1:12:34]}  Nc6 {[%clk 0:54:42]} 14. Bd2 {[%clk 1:03:04]}  Be7 {[%clk 0:49:27]} 15. h3 {[%clk 0:50:38]}  O-O-O {[%clk 0:36:00]} 16. Rab1 {[%clk 0:44:18]}  Kb8 {[%clk 0:33:46]} 17. b4 {[%clk 0:28:02]}  c4 {[%clk 0:49:12]} 18. Qc2 {[%clk 0:26:24]}  b5 {[%clk 0:49:10]} 19. a4 {[%clk 0:24:38]}  Kb7 {[%clk 0:46:51]} 20. a5 {[%clk 0:23:20]}  Rdg8 {[%clk 0:38:30]} 21. Qd1 {[%clk 0:17:56]}  Qd8 {[%clk 0:21:55]} 22. Nh2 {[%clk 0:14:43]}  g6 {[%clk 0:38:33]} 23. Qf3 {[%clk 0:10:55]}  Rh7 {[%clk 0:36:02]} 24. Qe2 {[%clk 0:00:22]}  h5 {[%clk 0:22:21]} 25. f4 {[%clk 0:02:54]}  Bh4 {[%clk 0:21:26]} 26. Qf2 {[%clk 0:01:23]}  g5 {[%clk 0:19:31]} 27. fxg5 {[%clk 0:01:11]}  Bxg5 {[%clk 0:19:58]} 28. Bxg5 {[%clk 0:00:38]}  Qxg5 {[%clk 0:20:24]} 29. Ne2 {[%clk 0:00:32]}  Rhg7 {[%clk 0:14:12]} 30. Nf4 {[%clk 0:01:01]}  Ne7 {[%clk 0:14:36]} 31. h4 {[%clk 0:00:39]}  Qh6 {[%clk 0:12:48]} 32. Re3 {[%clk 0:00:01]}  Nf5 {[%clk 0:11:07]} 33. Rh3 {[%clk 0:00:33]}  Nf8 {[%clk 0:10:35]} 34. Re1 {[%clk 0:00:32]}  Ng6 {[%clk 0:10:32]} 35. Nxg6 {[%clk 0:00:35]}  Rxg6 {[%clk 0:05:27]} 36. Nf3 {[%clk 0:00:58]}  Rxg2+ {[%clk 0:05:49]} 37. Qxg2 {[%clk 0:01:25]}  Rxg2+ {[%clk 0:06:17]} 38. Kxg2 {[%clk 0:01:53]}  Qf4 {[%clk 0:06:21]} 39. Re2 {[%clk 0:00:40]}  Kc7 {[%clk 0:05:12]} 40. Re1 {[%clk 0:00:36]}  Kd7 {[%clk 0:30:13]} 41. Kf2 {[%clk 0:18:44]}  Qg4 {[%clk 0:30:13]} 42. Reh1 {[%clk 0:19:09]}  Ke7 {[%clk 0:22:47]} 43. Ng5 {[%clk 0:12:20]}  Qf4+ {[%clk 0:26:52]} 44. Rf3 {[%clk 0:11:40]}  Qd2+ {[%clk 0:27:18]} 45. Kf1 {[%clk 0:04:59]}  f6 {[%clk 0:19:13]} 46. exf6+ {[%clk 0:11:19]}  Kxf6 {[%clk 0:19:40]} 47. Rhh3 {[%clk 0:10:36]}  Ke7 {[%clk 0:19:42]} 48. Rf2 {[%clk 0:05:36]}  Ne3+ {[%clk 0:19:09]} 49. Rxe3 {[%clk 0:05:59]}  Qxe3 {[%clk 0:19:37]} 50. Rf7+ {[%clk 0:06:05]}  Ke8 {[%clk 0:20:02]} 51. Rf3 {[%clk 0:06:30]}  Qc1+ {[%clk 0:20:29]} 52. Ke2 {[%clk 0:01:00]}  e5 {[%clk 0:19:55]} 53. dxe5 {[%clk 0:00:44]}  d4 {[%clk 0:20:19]} 54. cxd4 {[%clk 0:00:56]}  c3 {[%clk 0:20:44]} 55. Ne4 {[%clk 0:00:35]}  c2 {[%clk 0:21:02]} 56. Nd6+ {[%clk 0:00:33]}  Kd7 {[%clk 0:21:27]} 57. d5 {[%clk 0:00:31]}  Qd1+ {[%clk 0:21:50]} 58. Kf2 {[%clk 0:00:58]}  Qd2+ {[%clk 0:22:05]} 59. Kg3 {[%clk 0:01:11]}  Qe1+ {[%clk 0:22:31]} 60. Kg2 {[%clk 0:01:25]}  Qxe5 {[%clk 0:22:53]} 0-1

[Event "Open"]
[Site "Saint Louis, US"]
[Date "2025.10.17"]
[Round "5"]
[White "So, Wesley"]
[Black "Aronian, Levon"]
[Result "1/2-1/2"]
[Board "6"]
[WhiteFideId "5202213"]
[BlackFideId "13300474"]
[WhiteTitle "GM"]
[BlackTitle "GM"]
[WhiteElo "2756"]
[BlackElo "2722"]
[WhiteTeam "USA"]
[BlackTeam "USA"]
[WhiteClock "1:41:32"]
[BlackClock "1:33:53"]
[Variant "Standard"]

1. e4 {[%clk 1:30:53]}  e5 {[%clk 1:30:55]} 2. Nf3 {[%clk 1:31:15]}  Nc6 {[%clk 1:31:20]} 3. Nc3 {[%clk 1:31:40]}  Nf6 {[%clk 1:31:45]} 4. d4 {[%clk 1:32:04]}  exd4 {[%clk 1:32:10]} 5. Nxd4 {[%clk 1:32:30]}  Bb4 {[%clk 1:32:33]} 6. Nxc6 {[%clk 1:32:55]}  bxc6 {[%clk 1:32:58]} 7. Bd3 {[%clk 1:33:22]}  d5 {[%clk 1:32:54]} 8. Bd2 {[%clk 1:33:21]}  O-O {[%clk 1:31:52]} 9. O-O {[%clk 1:33:43]}  Bxc3 {[%clk 1:32:00]} 10. Bxc3 {[%clk 1:34:08]}  dxe4 {[%clk 1:32:26]} 11. Bxf6 {[%clk 1:34:33]}  Qxf6 {[%clk 1:32:51]} 12. Bxe4 {[%clk 1:35:00]}  Qxb2 {[%clk 1:32:46]} 13. Bxc6 {[%clk 1:35:21]}  Rb8 {[%clk 1:33:09]} 14. Rb1 {[%clk 1:35:46]}  Qxb1 {[%clk 1:33:35]} 15. Qxb1 {[%clk 1:36:12]}  Rxb1 {[%clk 1:33:58]} 16. Rxb1 {[%clk 1:36:39]}  Rd8 {[%clk 1:34:02]} 17. Bf3 {[%clk 1:36:59]}  Bf5 {[%clk 1:33:21]} 18. Rb7 {[%clk 1:37:01]}  Bxc2 {[%clk 1:33:14]} 19. Rxc7 {[%clk 1:37:20]}  Be4 {[%clk 1:33:40]} 20. Rxa7 {[%clk 1:37:44]}  Bxf3 {[%clk 1:34:05]} 21. gxf3 {[%clk 1:38:10]}  g5 {[%clk 1:33:57]} 22. Kg2 {[%clk 1:38:36]}  Kg7 {[%clk 1:34:08]} 23. Ra6 {[%clk 1:38:57]}  Rd4 {[%clk 1:32:56]} 24. Ra7 {[%clk 1:39:21]}  h5 {[%clk 1:32:46]} 25. Ra6 {[%clk 1:39:45]}  f6 {[%clk 1:32:52]} 26. Ra7+ {[%clk 1:40:10]}  Kg6 {[%clk 1:33:17]} 27. Ra6 {[%clk 1:40:38]}  Kg7 {[%clk 1:33:41]} 28. Ra7+ {[%clk 1:41:05]}  Kg6 {[%clk 1:34:06]} 29. Ra6 {[%clk 1:41:32]}  Kg7 {[%clk 1:33:53]} 1/2-1/2